| 000 | 01048nam a2200289 i 4500 | ||
|---|---|---|---|
| 001 | bg | ||
| 245 | 0 | 0 |
_aGlosariusz terminologii traktatów Unii Europejskiej / _c[oprac. Jolanta Falkenberg, Anna Gałkiewicz, Ewa Łukowicz-Oniszczuk] ; Urząd Komitetu Integracji Europejskiej. Departament Dokumentacji Europejskiej i Publikacji. |
| 260 |
_aWarszawa : _bUKIE, _c2005. |
||
| 300 |
_a370 s. ; _c20 cm. |
||
| 500 | _aZawiera terminy w językach: pol., ang., niem. i franc. | ||
| 504 | _aIndeksy. | ||
| 610 | 2 | 9 |
_aUnia Europejska _xterminologia |
| 650 | 9 |
_aIntegracja europejska _xterminologia |
|
| 650 | 9 | _aSłownik wielojęzyczny | |
| 655 | _aSłowniki | ||
| 700 | 1 |
_aFALKENBERG, Jolanta. _eOprac. |
|
| 700 | 1 |
_aGAŁKIEWICZ, Anna. _eOprac. |
|
| 700 | 1 | _ałUKOWICZ-ONISZCZUK, eWA | |
| 710 | 0 | _aUrząd Komitetu Integracji Europejskiej | |
| 020 | _a8389972654 | ||
| 040 | _cBPK | ||
| 041 | w | _apolenggerfra | |
| 080 | _a327+339+34](4-67)(038)=00 | ||
| 920 | _a83-89972-65-4 | ||
| 942 | _cKS | ||
| 008 | s pl f |000 0 pol | ||
| 999 |
_c51410 _d51410 |
||
| 856 |
_uhttp://koha.tu.koszalin.pl/cgi-bin/koha/opac-detail.pl?biblionumber=51410 _yKatalog online BPK |
||